Sociolinguistics and language teaching

The book provides an introduction to the field of sociolinguistics for second and foreignlanguage teachers, as well as for teachers with students from linguistically diverse backgrounds. It covers the basic areas of sociolinguistics that have a bearing on language teaching, including regional and so...

全面介紹

Đã lưu trong:
書目詳細資料
格式: 圖書
語言:Undetermined
出版: Cambridge, New York Cambridge Univ. Press 1996
主題:
標簽: 添加標簽
沒有標簽, 成為第一個標記此記錄!
Thư viện lưu trữ: Trung tâm Học liệu Trường Đại học Cần Thơ
LEADER 00940nam a2200181Ia 4500
001 CTU_27243
008 210402s9999 xx 000 0 und d
020 |b 125.05Dfl 
082 |a 306.44 
082 |b S678 
245 0 |a Sociolinguistics and language teaching 
260 |a Cambridge, New York 
260 |b Cambridge Univ. Press 
260 |c 1996 
520 |a The book provides an introduction to the field of sociolinguistics for second and foreignlanguage teachers, as well as for teachers with students from linguistically diverse backgrounds. It covers the basic areas of sociolinguistics that have a bearing on language teaching, including regional and social linguistic variation, language and gender, World Englishes, and intercultural communication 
650 |a language and languages - study and teaching - social aspects,sociolinguistics 
904 |i Minh, 981209 
980 |a Trung tâm Học liệu Trường Đại học Cần Thơ